000 00736nam a2200217 a 4500
999 _c4343
_d4343
001 4343
003 BD-JhCC
005 20171126200701.0
008 171126s1984 bg |||| ||a| 000 0 ben d
035 _a(BD-JhCC)4343
040 _aBD-JhCC
_dBD-JhCC
041 _aben
082 _a491.44
_bBAN 1984
245 _aবাঙলা ভাষা :
_b বাঙলা ভাষাবিষয়ক প্রবন্ধসংকলন [১৭৪৩-১৯৮৩] /
_cহুমায়ূন আজাদ
260 _aঢাকা :
_bবাংলা একাডেমী,
_c1984.
300 _a656 p. :
_c24 cm.
650 _aBengali Language
700 _aআজাদ, হুমায়ূন
942 _2ddc
_cBK